000 00552nam a22001697a 4500
003 PILC
005 20150112093444.0
008 130227t xxu||||| |||| 00| 0 eng d
020 _a9713011589
050 _aKF 156
_b.B53 1983
082 _aG 340.03
_bB56 1983
100 _aHenry Campbell Black,M.A
_921248
245 _aBlack's Law dictionary :
_bdefinitions of the terms and phrases of American and English jurisprudence /
_cHenry Campbell Black
260 _aSt. Paul :
_b West Pub. Co.,
_c1983.
300 _a855 pages :
_c27 cm.
942 _2lcc
_cBK
999 _c14838
_d14838